000 01497cam a2200301 i 4500
003 SA-RiAUC
005 20241027125546.0
008 241025s2007____su g 00000 ara c
020 _a9960016757
040 _aSA-JeALM
_bara
_cSA-RiAUC
_erda
082 0 4 _a258.4
_qSA-RiAUC
090 _a258.4
_b ا ب ن ع
100 1 _aابن عبد الحق، عبد المؤمن بن عبد الحق بن شمائل،
_d658-739 هجري
_eمؤلف.
245 1 0 _aإدراك الغاية في اختصار الهداية على مذهب الامام احمد بن حنبل/
_cتأليف صفي الدين عبد المؤمن بن عبد الحق القطيعي البغدادي ؛ تحقيق ناصر بن سعود بن عبد الله السلامة.
250 _aالطبعة الأولى.
264 1 _aالرياض :
_bمكتبة الرشد ناشرون،
_c2007
300 _a259 صفحة ؛
_c24 سم
336 _aنص
_btxt
_2rdacontent
_3كتاب
337 _aبدون وسيط
_bn
_2rdamedia
338 _aمجلد
_bnc
_2rdacarrier
650 7 _aالفقه الحنبلي
_2aucsh
650 7 _aالفقه الإسلامي
_xمذاهب
_2aucsh
700 1 _aالسلامة، ناصر بن سعود بن عبد الله،
_d1385 هجري-
_eمحقق.
700 1 2 _aالكلوذاني، محفوظ بن أحمد بن الحسن،
_d432-510 هجري
740 2 2 _aالهداية في فروع الفقه الحنبلي.
942 _2ddc
_cBOOK
_n0
949 _aSA-JeALM
_d241025
_umohamedma123
_n1
999 _c1751
_d1751